000 00387nam a2200133Ia 4500
008 100328s9999 xx 000 0 und d
082 _b68074
100 _aकदम मन्दा.
245 _aमेघदूत.
260 _bमहाराष्ट्र ग्रंथ भांडार.
630 _aमेघदूत.
730 _aमेघदूत.
942 _cBOOK
999 _c553813
_d553810